| 000 | 00812nam a2200193Ia 4500 | ||
|---|---|---|---|
| 003 | GCL | ||
| 008 | 140319s9999 xx 000 0 ara d | ||
| 040 |
_aGCL / _cGCL |
||
| 082 | 0 | 4 |
_a940.18 _bع ف |
| 100 | 1 | _aعبد اللطيف عبد الهادى السيد | |
| 245 | 1 | 0 |
_aفى تاريخ العلاقات بين الشرق والغرب السياسة الصليبية للبابا انوسنت الثالث 1198-1216 / _cعبد اللطيف عبد الهادى السيد |
| 260 |
_aالقاهرة : _bالمكتب الجامعى الحديث ، _c2005 |
||
| 300 |
_a156 ص ؛ _c22 سم |
||
| 650 | 0 | 4 | _aالحروب الصليبية |
| 650 | 0 | 4 | _aالكنيسة والدولة |
| 650 | 0 | 4 | _aالدين والدولة |
| 650 | 0 | 4 | _aاوربا - تاريخ - العصور الوسطى |
| 942 |
_2ddc _cBK |
||
| 999 |
_c8539 _d8539 |
||